00921nam a2200241 a 450000100060000000300080000600500170001400800410003103500190007204000220009104100080011308200290012111000740015024500940022424600410031826000480035930000240040765000530043165000540048494200120053899900170055095201120056783173BD-RjUL20240228112141.0240228s1967 ii 000 0 ara d a(BD-RjUL)83173 aHAIbengcBD-RjUL0 aara 223a016.091297bASF 19652 aخدا بخش أوريينتال پابليك لايبريري950610aفهرست كتب /List of Book /cقاضي محمد اسراف ;; Qazi muhammad Ashraf33aمفتاح الكنوز الخفية aپنطه :bAdarah tahqiqat i Islami,c1967 a٣ م. ؛c٣٤ س. 4aManuscripts, ArabiczIndiazPatnavCatalogs9507 4aManuscripts, PersianzIndiazPatnavCatalogs9508 2ddccBK c83173d83173 00102ddc40718NFICaRUCLbRUCLcReadingd2024-02-28oA 016.091297 ASF 1965r2024-02-28 00:00:00tC-1yBK